The Silence: What It Is and How To Use It (Запис № 417697)
[ простий вигляд ]
| 000 -Лідер | |
|---|---|
| fixed length control field | 00465nam a22001817a 4500 |
| 003 - Ідентифікатор контрольного номера | |
| control field | UA-OsUOA |
| 001 - Контрольний номер | |
| control field | 129784 |
| 007 - Фіксоване поле фізичного опису | |
| fixed length control field | ta |
| 008 - Елементи даних фіксованої довжини – загальна інформація | |
| fixed length control field | 20180322b un ||||| |||| 00| 0 ukr d |
| 040 ## - Джерело каталогізації | |
| Агенція оригінальної каталогізації | UA-OsUOA |
| Мова каталогізації | eng |
| Агенція, яка здійснювала перезапис | UA-OsUOA |
| Агенція, яка здійснювала модифікацію | UA-OsUOA |
| 041 ## - Код мови | |
| Код мови тексту/ звукової доріжки чи окремого заголовка (П) | eng |
| 100 ## - Основне введення – ім’я особи | |
| Ім’я особи (НП) | Bush David V. |
| 245 ## - Відомості про назву | |
| Назва (НП) | The Silence: What It Is and How To Use It |
| 650 #7 - Додаткове предметне введення – тематичний термін | |
| Джерело заголовка чи терміна | UDC |
| 856 40 - Електронне місцезнаходження та доступ | |
| Уніфікований ідентифікатор ресурсу (П) | http://digilibraries.com/ebook/the-silence-what-it-is-and-how-to-use-it |
| 942 ## - Додаткові елементи входу (Коха) | |
| Тип елемента Koha | ЕКнига |
| 955 ## - Код типу видання за змістом | |
| Код типу видання за змістом (НП) | Навчальні видання |
Немає доступних примірників.